Lo Limpio y lo sucio (Record no. 7741)
[ view plain ]
| 000 -LEADER | |
|---|---|
| campo de control de longitud fija | 00685nam a2200217 i 4500 |
| 001 - NÚMERO DE CONTROL | |
| campo de control | 7741 |
| 003 - IDENTIFICADOR DE NÚMERO DE CONTROL | |
| campo de control | ES-MaACL |
| 005 - FECHA Y HORA DE LA ÚLTIMA TRANSACCIÓN | |
| campo de control | 20230906145313.0 |
| 007 - CAMPO FIJO DE DESCRIPCIÓN FÍSICA--INFORMACIÓN GENERAL | |
| campo de control de longitud fija | t| |
| 008 - DATOS DE LONGITUD FIJA--INFORMACIÓN GENERAL | |
| campo de control de longitud fija | 910324s1991 sp ||||1| spa d |
| 020 ## - NÚMERO INTERNACIONAL ESTÁNDAR DEL LIBRO | |
| Número Internacional Estándar del Libro | 84-206-9618-8 |
| 080 ## - NÚMERO DE LA CLASIFICACIÓN DECIMAL UNIVERSAL | |
| Número de la Clasificación Decimal Universal | 391.6"11/18" |
| 080 ## - NÚMERO DE LA CLASIFICACIÓN DECIMAL UNIVERSAL | |
| Número de la Clasificación Decimal Universal | 613.4(09) |
| 100 1# - ENTRADA PRINCIPAL--NOMBRE DE PERSONA | |
| Nombre de persona | Vigarello, Georges. |
| 9 (RLIN) | 114614 |
| 245 10 - MENCIÓN DEL TÍTULO | |
| Título | Lo Limpio y lo sucio |
| Resto del título | : la higiene del cuerpo desde la Edad Media / |
| Mención de responsabilidad, etc. | Georges Vigarello ; version española de Rosendo Ferran. |
| 260 ## - PUBLICACIÓN, DISTRIBUCIÓN, ETC. | |
| Lugar de publicación, distribución, etc. | Madrid : |
| Nombre del editor, distribuidor, etc. | Alianza, |
| Fecha de publicación, distribución, etc. | D.L. 1991. |
| 300 ## - DESCRIPCIÓN FÍSICA | |
| Extensión | 323 p. ; |
| Dimensiones | 20 cm. |
| 650 14 - PUNTO DE ACCESO ADICIONAL DE MATERIA--TÉRMINO DE MATERIA | |
| Término de materia o nombre geográfico como elemento de entrada | Higiene- |
| Subdivisión de forma | Historia. |
| 9 (RLIN) | 13349 |
| 700 1# - ENTRADA AGREGADA--NOMBRE PERSONAL | |
| Nombre de persona | Ferrán, Rosendo. |
| 9 (RLIN) | 50239 |
| 852 ## - LOCALIZACIÓN | |
| Ubicación | ES-MaACL |
| Número de control de estantería | L-15011 |
| Sublocalización o colección | R.119209 |
| Nota libre | . - rust. |
| Estatus retirado | Estado de pérdida | Estado de daño | No para préstamo | Biblioteca de origen | Biblioteca actual | Ubicación en estantería | Fecha de adquisición | Fuente de adquisición | Total de préstamos | Signatura topográfica completa | Código de barras | Visto por última vez | Precio de reemplazo | Tipo de ítem Koha |
|---|---|---|---|---|---|---|---|---|---|---|---|---|---|---|
| Biblioteca del Ateneo de Madrid | Biblioteca del Ateneo de Madrid | Depósito 2 | 17/01/2008 | L-15011 | 1007895 | 23/02/2023 | 23/02/2023 | Libro impreso |
